[Event "AUT-chT2M 9899"]
[Site "Austria"]
[Date "1998.12.13"]
[Round "5"]
[White "Wiesinger, Klaus"]
[Black "Brestan, Peter"]
[Result "0-1"]
[WhiteElo "1861"]
[BlackElo "2021"]
[PlyCount "48"]
[EventDate "1998.11.??"]
[EventType "team-swiss"]
[EventRounds "11"]
[EventCountry "AUT"]
[SourceTitle "EXT 2000"]
[Source "ChessBase"]
[SourceDate "1999.11.16"]
[SourceVersion "1"]
[SourceVersionDate "1999.11.16"]
[SourceQuality "1"]

1. e4 e5 2. Nf3 Nc6 3. Bc4 Nf6 4. d3 d5 5. exd5 Nxd5 6. Bxd5 Qxd5 7. Nc3 Qd8 8. h3 Bd6 9. 0-0 0-0 10. Ne4 Be7 11. Re1 f5 12. Nc3 Bf6 13. Bd2 a6 14. Nh2 Qd6 15. Qc1 Bd7 16. f4 Nd4 17. fxe5 Bxe5 18. Nf1 Bc6 19. Be3 Qg6 20. Bg5 Bf6 21. h4 h6 22. Ne2 hxg5 23. hxg5 Bxg5 24. Qd1 Bd2 0-1

[Event "AUT-chT2M 9899"]
[Site "Austria"]
[Date "1998.12.12"]
[Round "4"]
[White "Hinteregger, Arthur"]
[Black "Wiesinger, Klaus"]
[Result "1-0"]
[WhiteElo "2160"]
[BlackElo "1861"]
[PlyCount "77"]
[EventDate "1998.11.??"]
[EventType "team-swiss"]
[EventRounds "11"]
[EventCountry "AUT"]
[SourceTitle "EXT 2000"]
[Source "ChessBase"]
[SourceDate "1999.11.16"]
[SourceVersion "1"]
[SourceVersionDate "1999.11.16"]
[SourceQuality "1"]

1. e4 e5 2. Nf3 Nc6 3. Bc4 Bc5 4. c3 Nf6 5. b4 Bb6 6. d3 d6 7. 0-0 0-0 8. a4 a6 9. Bg5 Be6 10. Nbd2 h6 11. Bh4 g5 12. Bg3 Bxc4 13. Nxc4 Ba7 14. Ne3 Qd7 15. Nf5 Kh7 16. h4 g4 17. Qd2 Ng8 18. Nh2 Nce7 19. Nxe7 Nxe7 20. d4 exd4 21. cxd4 f5 22. Bf4 Rf6 23. e5 dxe5 24. Bxe5 Re6 25. Qf4 Rg8 26. Rfd1 Rc6 27. h5 Rc4 28. b5 axb5 29. axb5 Bb6 30. Nf1 Nd5 31. Qd2 Qxb5 32. Qd3 Rf8 33. Ra8 Rxa8 34. Qxf5+ Kg8 35. Qg6+ Kf8 36. Bg7+ Ke7 37. Re1+ Ne3 38. Rxe3+ Kd7 39. Qe6+ 1-0